Transformaciones rurales en El Salvador /

Đã lưu trong:
Chi tiết về thư mục
Tác giả chính: Alvarez Ramírez, José Alejandro
Định dạng: Texto
Các nhãn: Thêm thẻ
Không có thẻ, Là người đầu tiên thẻ bản ghi này!

MARC

LEADER 00000 a a2200000 04500
001 46450
003
040
100 |a Alvarez Ramírez, José Alejandro  
245 |a Transformaciones rurales en El Salvador /  |c José Alejandro Alvarez Ramírez  
773 |g número137 ( , 2013), páginas 483-497 : tablas, gráfico  
999 |c 31183  |d 31183